Statistics for Star Wars Jedi Fallen Order Quiz

Click here to take the quiz!

General Stats

  • This quiz has been taken 492 times
  • The average score is 7 of 9

Answer Stats

QuestionAnswer% Correct
What is the name of the main protagonist in Jedi fallen order?Cal Ketsis
97%
Which of these villains are not seen in Jedi fallen order?Darth Maul
96%
What is the name of Cal's Jedi master?Jaro Tapal
96%
What is the name of Cal's crew ship?The Mantis
95%
Which of these lightsaber types can Cal not use?Curved lightsaber
94%
what is the name of the crew in Jedi fallen order?Merrin, Cere Junda, Greez Dritius
91%
Which of these planets are not in Jedi fallen order?Tatooine
91%
what lightsaber colors can Cal's lightsaber have?yellow, cyan, orange, blue, green, magenta, purple, indigo, red
47%
Which of these Lightsaber forms does Cal not useVaapad
36%

Score Distribution

Percentile by Number Answered

Percent of People with Each Score

Your Score History

You have not taken this quiz